Ο μεταεθνικός αστερισμός

Αποθηκεύτηκε σε:
Λεπτομέρειες βιβλιογραφικής εγγραφής
Κύριος συγγραφέας: Habermas, Jürgen
Μορφή: Βιβλίο
Γλώσσα:Greek
German
Δημοσίευση: Αθήνα : Πόλις, 2003.
Θέματα:
Ετικέτες: Προσθήκη ετικέτας
Δεν υπάρχουν, Καταχωρήστε ετικέτα πρώτοι!

MARC

LEADER 00000cam a2200000 i 4500
001 1/78714
008 050614s2003 gr | ||| |||| ||gre||
020 |a 9608132789 
035 |l 10078574 
040 |a GR-MyUa  |b gre  |e AACR2 
041 1 |a gre  |h ger 
082 7 |a 320.101   |2 (22) 
100 1 |a Habermas, Jürgen. 
245 1 2 |a Ο μεταεθνικός αστερισμός /   |c Jürgen Habermas ; μετάφραση Λευτέρης Αναγνώστου ; εισαγωγή Κωνσταντίνος Παπαγεωργίου.  
260 |a Αθήνα :   |b Πόλις,   |c 2003.  
300 |a 248 σ. ;   |c 24 εκ.  
500 |a Με: Ο λαβύρινθος των πλανημένων γιατρών / Theophrast von Hohenheim Παρακέλσος. - Στωικοί, επικούρειοι και σκεπτικοί / Robert Sharples. - Το δέντρο της ζωής / Humberto Maturana και Francisco Varela 
500 |a Τίτλος πρωτοτύπου: Die postnationale Konstellation.  
504 |a Περιέχει βιβλιογραφικές παραπομπές. 
650 0 0 |a Nation-state. 
650 0 0 |a Democracy. 
650 0 0 |a World politics  |y 1989- 
852 |a INST  |b LESVOS  |e 20050614  |h 320.101 HAB  |p 005100032176  |q 005100032176  |t BK  |y 4  |x 20221019 
852 |a INST  |b RHODES  |c KRI  |e 20060419  |h  610 PAR  |p 005400021043  |q 005400021043  |t BK  |y 0 
852 |a INST  |b SYROS  |e 20221024  |h 320.101 HAB  |p 005500015603  |q 005500015603  |t BK  |y 0 
901 |a BIBL1-2005-2 
901 |a BIBL4-2006-1 
920 |a ΕΠΕΑΕΚ ΚΟΙΝΩΝΙΚΗΣ ΑΝΘΡΩΠΟΛΟΓΙΑΣ ΚΑΙ ΙΣΤΟΡΙΑΣ  |y Λέσβος  |z 2004-12 
970 |a ΚΑΡΑ  |b ΓΙΑΣΕΜΗ  |z 2005/06/14